| 000 | 00465nam a2200193Ia 4500 | ||
|---|---|---|---|
| 005 | 20240823050420.0 | ||
| 008 | 240823s9999||||xx |||||||||||||| ||und|| | ||
| 020 | _a81-239-1550-0 | ||
| 041 | _aENGLISH | ||
| 082 | _A629.136 Q3 | ||
| 100 | _aRangwala | ||
| 245 | 0 | _aAirport Engineering | |
| 250 | _a1st | ||
| 260 |
_c2013 _bCharotar Publishing |
||
| 500 | _aYES | ||
| 650 |
_aAirport Engineering _bAeronautical Engineering |
||
| 942 | _cBK | ||
| 999 |
_c217200 _d217200 |
||